Uống rượu tiêu sầu I, II /

Saved in:
Bibliographic Details
Main Author: Cao Bá Quát.
Other Authors: Hoàng Tạo (Dịch.)
Format: Article
Language:Vietnamese
Subjects:
Tags: Add Tag
No Tags, Be the first to tag this record!
Institutions: Thư viện Trường Đại học Đà Lạt
LEADER 00754nam a2200277 4500
001 DLU110115075
005 ##20110107
040 # # |a DLU  |b vie 
041 # # |a vie 
044 # # |a vn 
100 # # |a Cao Bá Quát. 
245 # # |a Uống rượu tiêu sầu I, II /  |c Cao Bá Quát, Hoàng Tạo dịch. 
653 # # |a Cuộc đời 
653 # # |a Sự bất công 
653 # # |a Thế sự 
700 # # |a Hoàng Tạo,   |e Dịch. 
773 # # |t Thơ  |g Số 10, 2008, tr. 29-30 
920 # # |a Phòng Tạp chí -- Trung tâm Thông tin - Thư viện Trường Đại học Đà Lạt 
994 # # |a DLU 
900 # # |a True 
911 # # |a Nguyễn Thị Linh Chi 
925 # # |a G 
926 # # |a A 
927 # # |a BB 
980 # # |a Thư viện Trường Đại học Đà Lạt